| 000 | 00954pam a2200289 a 4500 | ||
|---|---|---|---|
| 001 | 015716916 | ||
| 003 | OSt | ||
| 005 | 20141029134043.0 | ||
| 008 | 101210s2011 xxkb frb 001 0 eng d | ||
| 020 | _a9781849041225 (cased) | ||
| 020 | _a9781849041218 (pbk.) | ||
| 040 |
_aStDuBDS _beng _cStDuBDS _dUk _dEG-ScBUE |
||
| 043 | _aap----- | ||
| 082 | 0 | 0 |
_a320.9536 _222 _bPOW |
| 245 | 0 | 0 |
_aPower and politics in the Persian Gulf monarchies / _ceditor Christopher M. Davidson. |
| 246 | 3 | 0 | _aPower and politics |
| 260 |
_aLondon : _bHurst, _c2011. |
||
| 300 |
_aviii, 203 p. : _bmap ; _c23 cm. |
||
| 490 | 0 | _aPower and politics in the Gulf | |
| 500 | _aIndex : p. 189-199. | ||
| 504 | _aBibliography : p. 181-187. | ||
| 651 | 0 |
_aPersian Gulf States _xPolitics and government _932246 |
|
| 653 |
_bBUSBOL _cOctober2014 |
||
| 655 |
_vreading book _934232 |
||
| 700 | 1 |
_aDavidson, Christopher M. _q(Christopher Michael) _932310 |
|
| 942 |
_2ddc _k320.9536 POW |
||
| 999 |
_c18518 _d18490 |
||